| 000 | 00494nam a2200145 a 4500 | ||
|---|---|---|---|
| 001 | 000033764 | ||
| 005 | 20200930070512.0 | ||
| 008 | 110908s1936 sp 000 0 spa d | ||
| 040 |
_aDO-SdBNP _bspa _cBNPHU |
||
| 082 |
_axxx _bM236t |
||
| 100 | 1 |
_aMalagón Barceló, Javier _931024 |
|
| 245 | 1 | 0 |
_aTeoría general del derecho procesal en las leyes de Indias : _b(Bases para su estudio) / _cJavier Malagón Barceló. |
| 260 |
_aMadrid : _bTipografía de archivos, _c1936. |
||
| 300 |
_a28 p. ; _c24 cm. |
||
| 999 |
_c33255 _d33255 |
||